75 Golden Pages: (Record no. 201555)
[ view plain ]
| 000 -LEADER | |
|---|---|
| fixed length control field | 00688nam a22002057a 4500 |
| 005 - DATE AND TIME OF LATEST TRANSACTION | |
| control field | 20240402155652.0 |
| 010 ## - LCCN (DPL NO) | |
| LC control number | ENG-139726 |
| 020 ## - INTERNATIONAL STANDARD BOOK NUMBER | |
| International Standard Book Number | 9788119625970 |
| Terms of availability | 1200.00 |
| 035 ## - SYSTEM CONTROL NUMBER | |
| System control number | EN-123258 |
| 037 ## - SOURCE OF ACQUISITION | |
| Source of stock number/acquisition | DBAD/PUB |
| 082 ## - DEWEY DECIMAL CLASSIFICATION NUMBER | |
| Classification number | 954 |
| 100 ## - MAIN ENTRY--PERSONAL NAME | |
| Personal name | Dharmadhikari, Avinash |
| 245 ## - TITLE STATEMENT | |
| Title | 75 Golden Pages: |
| Remainder of title | Shining Stars Of Indian History After Freedom/ |
| Statement of responsibility, etc | By Avinash Dharmadhikari |
| 260 ## - PUBLICATION, DISTRIBUTION, ETC. (IMPRINT) | |
| Place of publication, distribution, etc | Pune |
| Name of publisher, distributor, etc | Dileep Majgaonkr Rajhans Prakashan Pvt. Ltd. |
| Date of publication, distribution, etc | 2023 |
| 270 ## - ADDRESS | |
| Address | 1025,Sadashiv Peth |
| City | Pune |
| Postal code | 411030 |
| 300 ## - PHYSICAL DESCRIPTION | |
| Extent | 456p. |
| Dimensions | 24cm(pbk) |
| 700 ## - ADDED ENTRY--PERSONAL NAME | |
| Personal name | Avinash Dharmadhikari |
| 9 (RLIN) | 63487 |
| 710 ## - ADDED ENTRY--CORPORATE NAME | |
| Corporate name or jurisdiction name as entry element | Kapil Kelkar |
| Relator term | Translateor |
| 9 (RLIN) | 63488 |
| 942 ## - ADDED ENTRY ELEMENTS (KOHA) | |
| Source of classification or shelving scheme | Dewey Decimal Classification |
| Item type | English Books |
| Call number suffix | DHA |
| Classification part | 954 |
| Withdrawn status | Lost status | Not for loan | Collection code | Home library | Current library | Date acquired | Source of acquisition | Cost, normal purchase price | Full call number | Barcode | Copy number | Cost, replacement price | Koha item type |
|---|---|---|---|---|---|---|---|---|---|---|---|---|---|
| Non-fiction | Bawana | Bawana | 18/03/2024 | DBAD | 1200.00 | 954 DHA | EN-123258 | 1 | 1200.00 | English Books |
